000 00831nam a22002777a 4500
001 BR9702789
003 BR-BrBNA
005 20230928095433.0
007 ta
008 230509b bl.||||| |||| 00| 0 por d
040 _aBR-BrBNA
_bpor
_cBiblioteca Nacional de Agricultura
041 _a(Por)
072 _aF03; H01; D50
_b0120
_b3871
090 _ 0120 BR9702789
100 1 _aOliveira, T.T. de
110 1 _aAgroceres S.A. Importacao, Exportacao, Industria e Comercio, Sao Paulo, SP (Brasil)
_961
245 1 _aUm destino mais nobre para as sobras das sementes de milho tratadas com defensivos agricolas
260 3 _aSao Paulo, SP (Brasil):
_c[nd].
300 _avp.
650 _aMilho
650 _aSemente
650 _aDefensivo
650 _aLegislacao
909 _a202309
_bLucia
_c55
_dLucia Elande
942 _cBK
999 _c56563
_d56563